Всеволод Голубович і "Справа УПС - Р" (Запис № 322050)

МАРК-запис
000 -Лідер
fixed length control field 01238nam a22002417a 4500
001 - Контрольний номер
control field 35683
003 - Ідентифікатор контрольного номера
control field UA-OsUOA
005 - Дата та час останнього входження (трансакції)
control field 20260310095507.0
007 - Фіксоване поле фізичного опису
fixed length control field ta
008 - Елементи даних фіксованої довжини – загальна інформація
fixed length control field 20051212b un ||un c|||| 00| 0 ukr dukr d
040 ## - Джерело каталогізації
Агенція оригінальної каталогізації UA-OsUOA
Мова каталогізації ukr
Агенція, яка здійснювала перезапис UA-OsUOA
Агенція, яка здійснювала модифікацію UA-OsUOA
041 ## - Код мови
Код мови тексту/ звукової доріжки чи окремого заголовка (П) ukr
080 ## - Індекс Універсальної десяткової класифікації
Індекс Універсальної десяткової класифікації (УДК) (НП) 94(477)"1917/1921":329.15(477)
090 ## - Локальний шифр розміщення
Класифікаційний індекс УДК 94(477)"1917/1921":329.15(477)
Авторський знак (НП) Б79
100 ## - Основне введення – ім’я особи
Ім’я особи (НП) Болабольченко А.
9 (RLIN) 24346
245 ## - Відомості про назву
Назва (НП) Всеволод Голубович і "Справа УПС - Р"
Дані про відповідальність (НП) Анатолій Болабольченко
260 ## - Публікація, розповсюдження і т.п. (Вихідні дані)
Місце публікації, розповсюдження і т.п. (П) Київ
Ім’я/ наймення видавництва, розповсюджувача і т.п. (П) УКПС "Кобза"
Дата публікації, розповсюдження і т.п. (П) 1993
300 ## - Фізичний опис
Обсяг 56 с.
520 ## - Резюме і т.п.
Резюме, реферат, анотація, тощо (НП) Книга висвітлює маловідомі сторінки історії України 20-30-х років нинішнього століття. Читач довідається про життєву й політичну долю одного з прем'єр-міністрів Української Народної Республіки Всеволода Голубовича та інших тогочасних державних і громадських діячів.
650 #7 - Додаткове предметне введення – тематичний термін
Тематичний термін чи географічна назва, як елемент введення (НП) 94(477) Історія України
Джерело заголовка чи терміна UDC
9 (RLIN) 1446
942 ## - Додаткові елементи входу (Коха)
Тип елемента Koha Книги
Source of classification or shelving scheme Universal Decimal Classification
955 ## - Код типу видання за змістом
Код типу видання за змістом (НП) Наукові видання
Фонди
Стан вилучень Стан втрат Джерело класифікації або схеми стелажів Стан уражень Не для кредиту Постійне місце розташування Поточне розміщення Дата придбання Джерело придбання Інвентарний номер Усього замовленно Повний номер виклику Штрих-код Дата останнього перегляду Ціна ефективна від Тип елемента Koha Код колекції Вартість, звичайна ціна покупки Вартість, ціна заміни
    Universal Decimal Classification     АБ - Абонемент НБ АБ - Абонемент НБ 04/03/2026 Акт №09/04.03.2026 169525   94(477)"1917/1921":329.15(477) Б79 169525 10/03/2026 10/03/2026 Книги Колекція Шевчука Валерія 15.00 15.00
    Universal Decimal Classification     ЧЗ - Читальна зала ЧЗ - Читальна зала 12/12/2005 118/2005 87783   94(477)08 Б79 87783 07/02/2022 12/12/2005 Книги